Score 0/24 Timer 05:00
1 Play Today
% Correct
16 and Pregnant
91.7%
Cake Boss
90.9%
Hercules: The Legendary Journeys
90.7%
Chicago Fire
89.3%
Cheers
88.9%
The Daily Show
88.5%
DuckTales
87.5%
The Oprah Winfrey Show
87.1%
Sanford and Son
83.1%
The Golden Girls
81.7%
Grey's Anatomy
79.9%
All in the Family
79.7%
% Correct
The Carol Burnett Show
79.6%
Animaniacs
78.6%
Happy Days
77.9%
The Mary Tyler Moore Show
75.8%
Rugrats
75.4%
Jackass
72.5%
Liquid Television
68.5%
Riverdale
66.5%
The X-Files
64.8%
Space Ghost Coast to Coast
62.2%
All That
62%
Doctor Who
60.3%
Remove Ads.
Support Sporcle.
Get the best of Sporcle when you Go Orange. This ad-free experience offers more features, more stats, and more fun while also helping to support Sporcle. Thank you for becoming a member.

You're not logged in!

Compare scores with friends on all Sporcle quizzes.
OR
Log In

Sporcle TV

Today on Sporcle TV


Watch our educational content, quiz creation guides, and fun videos on Sporcle TV.

Show Comments

Extras

Top Quizzes Today


Score Distribution

Paid Content

Your Account Isn't Verified!

In order to create a playlist on Sporcle, you need to verify the email address you used during registration. Go to your Sporcle Settings to finish the process.

Report this User

Report this user for behavior that violates our Community Guidelines.

Details: